000 00647nam a2200205 a 4500
001 000027978
005 20200930031241.0
008 110406s1991 ec 000 0 spa d
020 _a9978801073
040 _aDO-SdBNP
_bspa
_cBNPHU
082 _axxxx
_bxxxx
100 1 _aPoe, Edgar Allan
_955039
245 1 0 _aCuentos de misterio /
_cEdgar Allan Poe, introducción y notas Rocío Castro Ponte.
260 _aQuito, Ecuador :
_bLibresa,
_c1991.
300 _a278 p. : ;
_c21 cm.
490 1 _aAntares
_v60
500 _aLa biblioteca posee la cuarta reimpresión
700 1 2 _aCastro Ponte, Rocío
_eintr.
_955040
830 0 _aAntares
_v60
_911341
999 _c27470
_d27470